| 000 | 04790nam a2200721 i 4500 | ||
|---|---|---|---|
| 999 |
_c246014 _d246014 |
||
| 001 | 2847985 | ||
| 005 | 20190703093228.0 | ||
| 008 | 190114s2019 mnua a 000 1 eng d | ||
| 020 |
_a9781684460359 : _c$16.95 |
||
| 020 |
_a1684460352 : _c$16.95 |
||
| 020 | _z9781684460403 | ||
| 035 | _a(OCoLC)1048945126 | ||
| 035 | _a(OCoLC)on1048945126 | ||
| 035 | _a2829843 | ||
| 040 |
_aPABRO _beng _erda _cPABRO |
||
| 049 | _aIGAA | ||
| 050 | 4 |
_aPZ7.D15134 _bFam 2019 |
|
| 082 | 0 | 4 |
_a[E] _223 |
| 092 | _aE | ||
| 999 | _bE | ||
| 100 | 1 |
_aDahl, Michael, _eauthor. _944367 |
|
| 245 | 1 | 0 |
_aFamily is a superpower / _cwords by Michael Dahl ; pictures by Omar Lozano. |
| 264 | 1 |
_aNorth Mankato, Minnesota : _bCapstone Editions, a Capstone imprint, _c[2019] |
|
| 300 |
_a1 volume (unpaged) : _bcolor illustrations ; _c23 x 27 cm |
||
| 336 | _atext | ||
| 337 | _aunmediated | ||
| 338 | _avolume | ||
| 520 | _aBATMAN, SUPERMAN, and WONDER WOMAN have many extraordinary abilities, but their greatest superpower of all? Family! In this new addition to the bestselling DC Super Heroes Picture Book series, the diverse family structures of the World's Greatest Heroes mirror the lives of real-life children and their equally diverse families. Along with bright, bold illustrations and poetically spare text, award-winning author Michael Dahl (Bedtime for Batman, Good Morning, Superman, and Be a Star, Wonder Woman) makes all families no matter how big or how small, feel SUPER! The Capstone Interactive edition comes with simultaneous access for every student in your school and includes read aloud audio recorded by professional voice over artists. | ||
| 521 | 1 |
_a3-6 _bBrodart. |
|
| 521 | 2 |
_aP-1 _bBrodart. |
|
| 650 | 0 |
_aSuperheroes _vJuvenile fiction. _95784134 |
|
| 650 | 1 |
_aSuperheroes _vFiction. _95673961 |
|
| 650 | 0 |
_aFamilies _vJuvenile fiction. _95674031 |
|
| 650 | 1 |
_aFamily life _vFiction. _95674038 |
|
| 650 | 0 |
_aPicture books for children. _989557 |
|
| 650 | 1 |
_aPicture books. _989556 |
|
| 650 | 7 |
_aJUVENILE FICTION / Family _2bisacsh _95732372 |
|
| 650 | 7 |
_aJUVENILE FICTION / Imagination & Play _2bisacsh _95717453 |
|
| 650 | 7 |
_aJUVENILE FICTION / Media Tie-In _2bisacsh _95719432 |
|
| 650 | 7 |
_aJUVENILE FICTION / Superheroes _2bisacsh _95725640 |
|
| 700 | 1 |
_aLozano, Omar, _eillustrator. _95739579 |
|
| 942 |
_2ddc _cBOOK |
||
| 948 |
_aNP _bCHILDREN'S _pX119996908 _kJ _hE _f1 _r2 _g1 _70 _u3 _w11 _s0 _oNP _0$16.95 _y99 _c94 _jDewey Decimal _nOn-Order _e1530092-1 _9Item generated May 13 2019 11:21AM |
||
| 948 |
_aBOL _bCHILDREN'S _pX119821981 _kJ _hE _f1 _r2 _g1 _70 _u3 _w11 _s0 _oBOL _0$16.95 _y99 _c94 _jDewey Decimal _nOn-Order _e1493315-4 _9Item generated Mar 26 2019 9:49AM |
||
| 948 |
_aBAP _bCHILDREN'S _pX119821999 _kJ _hE _f1 _r2 _g1 _70 _u3 _w11 _s0 _oBAP _0$16.95 _y99 _c94 _jDewey Decimal _nOn-Order _e1493315-3 _9Item generated Mar 26 2019 9:49AM |
||
| 948 |
_aBHI _bCHILDREN'S _pX119822005 _kJ _hE _f1 _r2 _g1 _70 _u3 _w11 _s0 _oBHI _0$16.95 _y99 _c94 _jDewey Decimal _nOn-Order _e1493315-8 _9Item generated Mar 26 2019 9:49AM |
||
| 948 |
_aBBL _bCHILDREN'S _pX119822013 _kJ _hE _f1 _r2 _g1 _70 _u3 _w11 _s0 _oBBL _0$16.95 _y99 _c94 _jDewey Decimal _nOn-Order _e1493315-2 _9Item generated Mar 26 2019 9:49AM |
||
| 948 |
_aBKR _bCHILDREN'S _pX119822021 _kJ _hE _f1 _r2 _g1 _70 _u3 _w11 _s0 _oBKR _0$16.95 _y99 _c94 _jDewey Decimal _nOn-Order _e1493315-9 _9Item generated Mar 26 2019 9:49AM |
||
| 948 |
_aBDW _bCHILDREN'S _pX119822039 _kJ _hE _f1 _r2 _g1 _70 _u3 _w11 _s0 _oBDW _0$16.95 _y99 _c94 _jDewey Decimal _nOn-Order _e1493315-6 _9Item generated Mar 26 2019 9:49AM |
||
| 948 |
_aBPR _bCHILDREN'S _pX119822047 _kJ _hE _f1 _r2 _g1 _70 _u3 _w11 _s0 _oBPR _0$16.95 _y99 _c94 _jDewey Decimal _nOn-Order _e1493315-5 _9Item generated Mar 26 2019 9:49AM |
||
| 948 |
_aBAR _bCHILDREN'S _pX119822054 _kJ _hE _f1 _r2 _g1 _70 _u3 _w11 _s0 _oBAR _0$16.95 _y99 _c94 _jDewey Decimal _nOn-Order _e1493315-7 _9Item generated Mar 26 2019 9:49AM |
||
| 948 |
_aCCL _bCHILDREN'S _pX119822062 _kJ _hE _f1 _r2 _g1 _70 _u3 _w11 _s0 _oCCL _0$16.95 _y99 _c94 _jDewey Decimal _nOn-Order _e1493315-1 _9Item generated Mar 26 2019 9:49AM |
||